[Event "Berlin Unicorn op"]
[Site "Berlin"]
[Date "2008.05.03"]
[Round "6"]
[White "Nietsch, Horst"]
[Black "Slepuschkin, Shenja"]
[Result "1-0"]
[WhiteElo "2052"]
[BlackElo "2030"]
[PlyCount "104"]
[EventDate "2008.04.30"]
[EventType "swiss"]
[EventRounds "7"]
[EventCountry "GER"]
[SourceTitle "CBM 124 Extra"]
[Source "ChessBase"]
[SourceDate "2008.07.03"]
[SourceVersion "1"]
[SourceVersionDate "2008.07.03"]
[SourceQuality "1"]

1. e4 d5 2. exd5 Nf6 3. d4 Nxd5 4. Nf3 g6 5. Bc4 Nb6 6. Bb3 Bg7 7. 0-0 0-0 8. a4 Nc6 9. a5 Nd5 10. c4 Nf6 11. d5 Nb8 12. Nc3 c6 13. Bf4 cxd5 14. cxd5 Na6 15. Re1 Nc5 16. Bc4 e6 17. d6 Bd7 18. Qe2 Re8 19. h3 Bc6 20. Nb5 Nd5 21. Bg3 a6 22. Nbd4 Bf8 23. Nxc6 bxc6 24. Ne5 Qc8 25. Qf3 f5 26. Bxd5 exd5 27. b4 Nd7 28. Nd3 Nf6 29. Nc5 Rd8 30. Ne6 Rd7 31. Nxf8 Qxf8 32. Qc3 Rc8 33. f3 Ne8 34. Qd3 Ra8 35. Rac1 f4 36. Bf2 Qxd6 37. Bc5 Qc7 38. Re2 Nd6 39. Rce1 Kf7 40. Re6 Nf5 41. Qc3 d4 42. Qc4 Rd5 43. Bb6 Qd7 44. Rxc6 Ne3 45. Rxe3 dxe3 46. Rc7 Kf8 47. Rxd7 Rxd7 48. Qxf4+ Ke8 49. Qe4+ Re7 50. Qxa8+ Kf7 51. Qd5+ Ke8 52. Qd8+ Kf7 1-0

[Event "Berlin Unicorn op"]
[Site "Berlin"]
[Date "2008.05.02"]
[Round "4"]
[White "Steiner, Adam"]
[Black "Slepuschkin, Shenja"]
[Result "1/2-1/2"]
[WhiteElo "2200"]
[BlackElo "2030"]
[PlyCount "131"]
[EventDate "2008.04.30"]
[EventType "swiss"]
[EventRounds "7"]
[EventCountry "GER"]
[SourceTitle "CBM 124 Extra"]
[Source "ChessBase"]
[SourceDate "2008.07.03"]
[SourceVersion "1"]
[SourceVersionDate "2008.07.03"]
[SourceQuality "1"]

1. e4 d5 2. d3 dxe4 3. dxe4 Qxd1+ 4. Kxd1 Nc6 5. c3 e5 6. Bb5 Bd7 7. Be3 0-0-0 8. Nd2 a6 9. Bc4 f5 10. exf5 Bxf5 11. Ngf3 Nf6 12. Ng5 Rd7 13. h3 Na5 14. Be2 Nd5 15. g4 Nxe3+ 16. fxe3 Bc5 17. gxf5 Bxe3 18. Nge4 Bxd2 19. Kc2 Bf4 20. f6 Kb8 21. Bg4 Rdd8 22. Rad1 gxf6 23. Nxf6 Nc4 24. Kb3 Ne3 25. Rxd8+ Rxd8 26. Nxh7 Rh8 27. Nf6 Rh6 28. Nd7+ Ka7 29. Re1 Rd6 30. Nxe5 Rb6+ 31. Ka4 Rxb2 32. Rxe3 Bxe3 33. Nc4 Rxa2+ 34. Kb3 Rh2 35. Nxe3 b5 36. c4 c6 37. cxb5 axb5 38. Kc3 Kb6 39. Kb3 c5 40. Nd5+ Ka5 41. Kc3 Rg2 42. Kd3 Rg3+ 43. Ke4 b4 44. Kf4 Rd3 45. Ke5 b3 46. Bf5 Rd1 47. Ne3 Rc1 48. h4 b2 49. h5 b1Q 50. Bxb1 Rxb1 51. Kf6 Re1 52. Nd5 Rd1 53. Ne3 Rd3 54. Nc4+ Kb4 55. Ne5 Rh3 56. Kg6 Re3 57. Kf6 Rh3 58. Kg6 c4 59. Nxc4 Kxc4 60. h6 Kd5 61. h7 Ke6 62. Kg7 Rg3+ 63. Kf8 Rf3+ 64. Kg7 Ke7 65. h8Q Rg3+ 66. Kh7 1/2-1/2

[Event "Zehlendorf op"]
[Site "Berlin"]
[Date "2007.11.08"]
[Round "4"]
[White "Slepuschkin, Shenja"]
[Black "Penner, Markus"]
[Result "1-0"]
[WhiteElo "1889"]
[BlackElo "1285"]
[PlyCount "63"]
[EventDate "2007.10.11"]
[EventType "swiss"]
[EventRounds "7"]
[EventCountry "GER"]
[SourceTitle "EXT 2010"]
[Source "ChessBase"]
[SourceDate "2010.11.25"]
[SourceVersion "1"]
[SourceVersionDate "2010.11.25"]
[SourceQuality "1"]

1. e4 e5 2. f4 exf4 3. Nf3 g5 4. h4 g4 5. Ne5 Nf6 6. Nxg4 Nxe4 7. d3 Ng3 8. Bxf4 Nxh1 9. Qe2+ Qe7 10. Nf6+ Kd8 11. Bxc7+ Kxc7 12. Nd5+ Kd8 13. Nxe7 Bxe7 14. Qg4 Re8 15. Be2 Bd6 16. Nc3 Nc6 17. Ne4 Be7 18. Ng5 Bxg5 19. Qxg5+ Kc7 20. Kd2 Re5 21. Qf4 Kd8 22. Rxh1 Re7 23. Re1 d5 24. Bf3 Be6 25. Qd6+ Rd7 26. Qf8+ Kc7 27. Qxa8 Rd8 28. Qxd8+ Kxd8 29. b3 Kd7 30. c4 dxc4 31. Bxc6+ Kxc6 32. bxc4 1-0